000 00601nam a2200145Ia 4500
008 100415s9999 xx 000 0 und d
082 _b18141
_a574.909
100 _aDAVIES, JON (ED.)
245 _aWetland Benefits : The Potential for Wetlands to Support and Maintain Development: (OVERSIZED BOOKS)
260 _aMALAYSIA
_c1993
_bAWB
365 _b0
630 _aWetland Benefits : The Potential for Wetlands to Support and Maintain Development: (OVERSIZED BOOKS)
730 _aWetland Benefits : The Potential for Wetlands to Support and Maintain Development: (OVERSIZED BOOKS)
942 _cBOOK
999 _c601038
_d601035